000 00763nam a2200241 i 4500
001 bg
245 0 _aStahlbauten :
_bErläuterungen zu DIN 18 800 Teil 1 bis Teil 4 /
_chrsg. von J. Lindner [et al.] ; unter Mitarb. von E. Gentz [et al.].
260 _aBerlin :
_bBeuth :
_bErnst & Sohn,
_c1993.
300 _a435 s. :
_brys., wykr. ;
_c30 cm.
490 1 _aBeuth-Kommentare
700 1 _aLINDNER, Joachim.
_eRed.
700 1 _aGENTZ, E.
_eRed.
830 _aBeuth-Kommentare
020 _a3410126651 ((Beuth))
020 _a3433013993 ((Ernst))
040 _cBPK
041 _apol
080 _a624.01/.07(083.74)
920 _a3-410-12665-1 ((Beuth))
920 _a3-433-01399-3 ((Ernst))
942 _cKS
008 s pl f |000 0 pol
999 _c29865
_d29865
856 _uhttp://koha.tu.koszalin.pl/cgi-bin/koha/opac-detail.pl?biblionumber=29865
_yKatalog online BPK